| 000 | 01182 a2200217 4500 | ||
|---|---|---|---|
| 003 | Nust | ||
| 005 | 20230504130151.0 | ||
| 010 | _a 84009644 | ||
| 020 | _a0070304807 | ||
| 040 | _cNust | ||
| 082 | 0 | 0 | _a629.895,HOU |
| 100 | 1 |
_aHoupis, Constantine H. _9110984 |
|
| 245 | 1 | 0 |
_aDigital control systems--theory, hardware, software / _cConstantine H. Houpis, Gary B. Lamont. |
| 260 |
_aNew York : _bMcGraw-Hill, _cc1985. |
||
| 300 |
_axix, 667 p. : _bill. ; _c25 cm. |
||
| 440 | 0 |
_aMcGraw-Hill series in electrical engineering. _920188 |
|
| 505 | _aIntroduction (Page-1),Computer System Architecture (Page-27), Linear Systems And Sampling Process (Page-73), Discrete Systems (Page-108),Continuous Time Control (Page-156), Discrete Control Analysis (Page-191), Discrete Transform Analysis (Page-234), Principle of Signal Conversion (Page-257), Random Processes (Page-299), Analysis of Finite Word (Page-319), Cascade Compensation (Page-354), Feedback Compensation (Page-406), Software Engineering (Page-423), Real-Time Operating (Page-473), Introduction to Discrete State (Page-503). | ||
| 650 | 0 | _aDigital control systems. | |
| 700 | 1 |
_aLamont, Gary B. _996233 |
|
| 942 |
_2ddc _cBK |
||
| 999 |
_c184042 _d184042 |
||